000 00559nam a2200205 a 4500
020 _a0026770202
040 _cDLC
082 0 0 _a600 GLE 1988 A008 Or.
100 1 _aFales, James.
245 1 0 _aTechnology today and tomorrow /
250 _aTeacher's annotated ed.
260 _aMission Hills, Calif. :
_bGlencoe Pub. Co.,
_cc1988.
300 _a72, 448 p. :
_bill. (some col.) ;
_c24 cm.
500 _aIncludes index.
650 0 _aTechnology.
650 0 _aTechnology
700 1 _aKuetemeyer, Vincent F.
700 1 _aBrusic, Sharon.
942 _cEK
999 _c17137
_d17137